Ekonomik rapor 2014 (Record no. 10471)

MARC details
000 -BAŞLIK
Sabit Uzunlukta Kontrol Alanı 00761na a2200253 4500
001 - KONTROL NUMARASI
Denetim Alanı 20848
003 - KONTROL NUMARASI IDENTIFIER
Denetim Alanı MIRAKIL
005 - SON İŞLEM TARİHİ VE ZAMANI
Denetim Alanı 20181213155323.0
008 - SABİT-BOY VERİ ELEMANLARI - GENEL BİLGİLER
Sabit Uzunlukta Kontrol Alanı 180118b tu 000 0
035 ## - SİSTEM KONTROL NUMARASI
Sistem Kontrol Numarası 20848
040 ## - KATALOGLAMA KAYNAK
Orijinal Kataloglama Ajansı Milas
Kataloglama Dili tur
Metne Dönüştürmek Ajansı TR-AnCHP
041 ## - DİL KODU
Metin / Ses Parça Veya Ayrı Başlığın Dil Kodu tur
082 ## - DEWEY ONLU SINIFLANDIRMA NUMARASI
Sınıflandırma Numarası 330.9561
Ürün Numarası T51e 2014
090 ## - SINIFLAMA NUMARASI
Sınıflama Numarası 330.9561 T51e 2014
110 ## - ANA GİRİŞ - KURUMSAL ADI
Giriş Elemanı Olarak Kurumsal Ad Veya Yargı Alanı Adı Ticaret ve Sanayi Odası
245 ## - BAŞLIK TABLOSU
Başlık Ekonomik rapor 2014
Sorumluluk Tablosu, Vb MTSO
260 ## - YAYIN, DAĞITIM, VB
Yayın, Dağıtım, Vb Yeri Mersin
Yayıncı, Dağıtıcı, Vs Adı MTSO
Yayın, Dağıtım, Vb Tarihi 2015
300 ## - FİZİKSEL TANIM
Kapsam 194 s.
Diğer Fiziksel Ayrıntıları tbl. ; grf. ; res.
Boyutlar 27 sm.
490 ## - SERİSİ TABLOSU
Seri Beyanı Mersin Ticaret ve Sanayi Odası
Hacim / Ardışık Tanımı 2015-7
650 ## - KONU KATMA GİRİŞ - TOPİKAL DÖNEM
Topikal Süreli Veya Coğrafi Ad Giriş Elemanı Ticaret ve Sanayi Odaları ( Mersin)
Genel Alt Bölümü Ekonomik durum
Kronolojik Alt Bölümü Raporlar
650 ## - KONU KATMA GİRİŞ - TOPİKAL DÖNEM
Topikal Süreli Veya Coğrafi Ad Giriş Elemanı Türkiye
Genel Alt Bölümü Ekonomik durum
Kronolojik Alt Bölümü Raporlar
710 ## - KATMA GİRİŞ - KURUMSAL ADI
Giriş Elemanı Olarak Kurumsal Ad Veya Yargı Alanı Adı Mersin Ticaret ve Sanayi Odası (MTSO)
942 ## - EKLENDİ GİRİŞ ELEMANLARI (KOHA)
Sınıflandırma Veya Raf Düzeni Kaynak Dewey Decimal Classification
Koha Öğesi Türü Books
999 ## - SİSTEM KONTROL NUMARALARI (KOHA)
Koha Biblionumber 10471
Koha Biblioitemnumber 10471
Holdings
Kalıcı Konum Mevcut Konum Edinme Tarihi Edinim Kaynak Toplam Check-Out'Lar Tam Çağrı Numarası Barkod Tarih Son Görülme İtibaren Geçerli Fiyatlar Koha Öğesi Türü
CHP Kütüphanesi CHP Kütüphanesi 01/27/2017 Bağış   330.9561 T51e 2014 012132 01/27/2017 01/27/2017 Books